Theory of language : the representational function of language
Saved in:
| Main Author: | |
|---|---|
| Other Authors: | |
| Format: | Book |
| Language: | English German |
| Published: |
Amsterdam :
John Benjamins,
1990.
|
| Series: | Foundations of semiotics ;
25 |
| Subjects: | |
| Tags: |
Add Tag
No Tags, Be the first to tag this record!
|
MARC
| LEADER | 00000cam a2200000 i 4500 | ||
|---|---|---|---|
| 001 | 1/5795 | ||
| 008 | 960614s1990 ne | ||| |||| ||eng|| | ||
| 020 | |a 9027232970 | ||
| 035 | |l 10016132 | ||
| 040 | |a GR-MyUA |b gre |e AACR2 | ||
| 041 | 1 | |a eng |h ger | |
| 082 | 0 | |a 401 | |
| 100 | 1 | |a Bühler, Karl, |d 1879-1963. | |
| 245 | 1 | 0 | |a Theory of language : |b the representational function of language / |c Karl Buhler ; translated by Donald Fraser Goodwin. |
| 260 | |a Amsterdam : |b John Benjamins, |c 1990. | ||
| 300 | |a 508 σ. | ||
| 490 | 1 | |a (Foundations of semiotics |v ; 25) | |
| 500 | |a Τίτλος πρωτοτύπου: Sprachtheorie. | ||
| 504 | |a Περιέχει βιβλιογραφικές αναφορές και ευρετήριο. | ||
| 650 | 0 | 0 | |a Language and languages. |
| 700 | 1 | |a Goodwin, Donald Fraser, |e trl | |
| 830 | 0 | |a Foundations of semiotics ; |v 25 | |
| 852 | |a INST |b LESVOS |e 19960614 |h 401 BUH |p 005100005020 |q 005100005020 |t BK |y 0 | ||
| 909 | |a Λ |b 023302 | ||